San José de Calasanz (Record no. 170858)

MARC details
000 -LEADER
campo de control de longitud fija 01150nam a2200253 i 4500
001 - NÚMERO DE CONTROL
campo de control 170858
003 - IDENTIFICADOR DE NÚMERO DE CONTROL
campo de control ES-MaACL
005 - FECHA Y HORA DE LA ÚLTIMA TRANSACCIÓN
campo de control 20250826022449.0
008 - DATOS DE LONGITUD FIJA--INFORMACIÓN GENERAL
campo de control de longitud fija 090413s1956 sp |||| |bspa d
100 1# - ENTRADA PRINCIPAL--NOMBRE DE PERSONA
Nombre de persona Sántha, György.
9 (RLIN) 103367
245 10 - MENCIÓN DEL TÍTULO
Título San José de Calasanz
Resto del título : su obra, escritos /
Mención de responsabilidad, etc. estudio pedagógico y selección de escritos por György Sántha ; versión del estudio pedagógico, sobre el original inédito por César Aguilera ; versión de la selección de escritos por una comisión dirigida por Julián Centelles.
260 ## - PUBLICACIÓN, DISTRIBUCIÓN, ETC.
Lugar de publicación, distribución, etc. Madrid :
Nombre del editor, distribuidor, etc. La Editorial Católica,
Fecha de publicación, distribución, etc. 1956.
300 ## - DESCRIPCIÓN FÍSICA
Extensión LI, 827 p. ;
Dimensiones 20 cm.
490 1# - MENCIÓN DE SERIE
Mención de serie Biblioteca de autores cristianos ;
Designación de volumen o secuencia 159
500 ## - NOTA GENERAL
Nota general Índices y apéndice documental con cartas y escritos pedagógicos de San José de Calasanz.
600 04 - PUNTO DE ACCESO ADICIONAL DE MATERIA--NOMBRE DE PERSONA
Nombre de persona José de Calasanz,
Títulos y otros términos asociados al nombre Santo,
Fechas asociadas al nombre 1557-1648
9 (RLIN) 139773
610 24 - PUNTO DE ACCESO ADICIONAL DE MATERIA--NOMBRE DE ENTIDAD CORPORATIVA
Nombre de entidad corporativa o nombre de jurisdicción como elemento de entrada Escolapios
9 (RLIN) 3513
700 1# - ENTRADA AGREGADA--NOMBRE PERSONAL
Nombre de persona Aguilera, César.
9 (RLIN) 18757
700 1# - ENTRADA AGREGADA--NOMBRE PERSONAL
Nombre de persona Centelles, Julián.
9 (RLIN) 139772
700 0# - ENTRADA AGREGADA--NOMBRE PERSONAL
Nombre de persona José de Calasanz,
Títulos y otros términos asociados al nombre Santo,
Fechas asociadas al nombre 1557-1648
9 (RLIN) 139773
830 00 - PUNTO DE ACCESO ADICIONAL DE SERIE-TÍTULO UNIFORME
Título uniforme Biblioteca de autores cristianos
Designación de volumen o secuencia 159
9 (RLIN) 178679
852 ## - LOCALIZACIÓN
Ubicación ES-MaACL
Número de control de estantería J-157
Holdings
Estatus retirado Estado de pérdida Estado de daño No para préstamo Biblioteca de origen Biblioteca actual Ubicación en estantería Fecha de adquisición Fuente de adquisición Total de préstamos Signatura topográfica completa Código de barras Visto por última vez Precio de reemplazo Tipo de ítem Koha
        Biblioteca del Ateneo de Madrid Biblioteca del Ateneo de Madrid Depósito 2 13/04/2009     J-157 1179314 23/02/2023 23/02/2023 Libro impreso